| LEADER | 00841nam a2200193 a 4500 | ||
|---|---|---|---|
| 001 | GR-MES4823 | ||
| 008 | 991111s1988 gr 000 0 gre d | ||
| 040 | |a GrPaTEI |b gre |c GR-PaULI | ||
| 100 | 1 | |a Καλοπίσης, Γιάννης Θ. | |
| 245 | 1 | 3 | |a Τα ορχεοειδή της Ελλάδας = |b The orchids of Greece : Απογραφή και επισκόπηση. |
| 260 | |a Βώροι, |c 1988 | ||
| 300 | |a 40σελ. : |b χαρ. | ||
| 650 | 4 | |a Ελλάδα | |
| 650 | 4 | |a Ορχεοειδή | |
| 710 | 2 | |a Μουσείο κρητικής εθνολογίας | |
| 942 | |2 ddc | ||
| 952 | |0 0 |1 0 |2 ddc |4 0 |6 584_150000000000000_ΚΑΛ |7 0 |9 269458 |a MSLG |b MSLG |c BSC |d 2021-01-17 |e 24 |f 0 |g 0.00 |l 0 |o 584.15 ΚΑΛ |p 2420000013362 |r 2021-01-17 00:00:00 |t 1 |w 2021-01-17 |y BK15 |x 19991111 0 1 |x GrPaTEI | ||
| 971 | |a .b25758706 |b 16-04-20 |c 13-09-16 | ||
| 999 | |c 155468 |d 155468 | ||